Etiqueta de registo: 00512cam 022001931 04500
001 85182
003 http://id.bnportugal.gov.pt/bib/catbnp/85182
005 19981118152700.0
095 ## $aPTBN00088543
100 ## $a19630401d1962 m y0pora0103 ba
101 0# $apor
102 ## $aPT
200 1# $aMeu cantar ou canções do teu noivo$fAntónio Farinha
210 #9 $aLisboa$c[s.n.],$d1962
215 ## $a165 p., [1] f.$d22 cm
675 ## $a821.134.3-1"19"$vmed$zpor$3288131
700 #1 $aFarinha,$bAntónio$3317230
801 #0 $aPT$bBN$gRPC
966 ## $lBN$mFGMON$sL. 16547 V.
997 ## $aBIBEOD
998 ## $aCR454 - 00107
Etiqueta de registo: 00000nkm 2200025 450
001 2260383
003 http://id.bnportugal.gov.pt/bib/catbnp/2260383
100 ## $a20260204f199- m y0pory01030103ba
101 0# $apor
102 ## $aPT
200 1# $aCiclo de concertos para a cidade de Lisboa, música na universidade, Aula Magna, abril
e maio$bVisual gráfico]$fReitoria da Universidade de Lisboa$gdesign António Farinha
210 #9 $aLisboa$cUniversidade de Lisboa,$d[199-]$e[S.l.] :$gJ. S. Quirino, Lda.)
215 ## $a1 cartaz$ccolor.$d43x61 cm
306 ## $aDatação atribuída em conformidade comas características formais do documento
317 ## $aColeção Madeira Luís
675 ## $a766(=1:469)"199"(084.5)$vBN$zpor$3589138
702 #1 $aFarinha,$bAntónio$4410$3317230
710 02 $aUniversidade de Lisboa.$bReitoria$364900
801 #0 $aPT$bBN$gRPC
966 ## $lBN$mICONOG$sCT. 19404 A.$x3
971 ## $cCaticonografia6$d20260204
995 ## $aPRR2026 $d20260204$iCaticonografia6